000
00460nam a2200181Ia 4500
008
100917s9999 xx 000 0 und d
082
_b
7240
100
_a
नांगरे बलराम
245
_a
दैव रेखा
260
_b
---
_c
1965
300
_a
151
365
_b
3
520
_a
कादंबरी
630
_a
दैव रेखा
650
_a
कादंबरी
730
_a
दैव रेखा
942
_c
BOOK
999
_c
612634
_d
612631